Zošit z anatómie a fyziológie pre nelekárske študijné odbory

Podrobná bibliografia
Hlavní autori: Lizáková, Ľubomíra, 1976- (Autor), Majerníková, Ľudmila, 1978- (Autor)
Médium: Kniha
Jazyk:slovenčina
Fyzický popis:120 s. ilustr., tab. 30 cm
Vydavateľské údaje: Lipovce pri Prešove A-print 2016
ISBN:9788089721184
Vydanie:1. vyd.
Edícia:Vysokoškolské učebné texty
Predmet:

MARC

LEADER 00000nam a2200000 a 4500
001 vtls011699999
003 SK-MaSNL
005 20260301221823.0
008 240313s2016 xo a e np 000 0 slo
015 |a SNBA2017/07 
020 |a 9788089721184  |q (brož.) 
035 |a urn:nbn:sk:snk-am00cxhb 
035 |a urn:nbn:sk:snk-am3hehd 
035 |a 2A905B5D-AFD8-4DA2-B84D-BC0C0894C5E8 
040 |a SNK  |b slo  |c SNK  |e AACR2 
041 0 |a slo 
044 |a xo  |c SK 
072 7 |a 611  |x Anatómia človeka a porovnávacia anatómia  |2 konspekt 
072 7 |a 612  |x Fyziológia človeka a porovnávacia fyziológia  |2 konspekt 
080 |a 611  |2 2011 
080 |a 612  |2 2011 
080 |a (076.1)  |2 2011 
080 |a (075.8)  |2 2011 
100 1 |a Lizáková, Ľubomíra,  |d 1976-  |4 aut  |9 183613 
245 1 0 |a Zošit z anatómie a fyziológie pre nelekárske študijné odbory  |c Ľubomíra Lizáková, Majerníková Ľudmila 
250 |a 1. vyd. 
260 |a Lipovce pri Prešove  |b A-print  |c 2016 
300 |a 120 s.  |b ilustr., tab.  |c 30 cm 
490 1 |a Vysokoškolské učebné texty 
500 |a Na tit. strane uvedené miesto vydania Prešov 
504 |a Bibliografia na strane 117 ; zoznam zdrojov obrázkov 
650 0 7 |a anatómia človeka  |2 SNKPH  |9 711 
650 0 7 |a fyziológia človeka  |2 SNKPH  |9 1098 
650 0 7 |a Human anatomy  |2 SNKPHeng  |9 74119 
650 0 7 |a Human physiology  |2 SNKPHeng  |9 303213 
655 7 |a pracovné zošity  |2 SNKPH  |9 70188 
655 7 |a Activity books  |2 SNKPHeng  |9 302885 
655 7 |a učebnice vysokých škôl  |2 SNKPH  |9 70191 
655 7 |a Textbooks (higher)  |2 SNKPHeng  |9 276436 
700 1 |a Majerníková, Ľudmila,  |d 1978-  |4 aut  |9 196830 
830 0 |a Vysokoškolské učebné texty  |9 276539 
919 |a 978-80-89721-18-4 
958 |a NB 
958 |a MI 
999 |c 937556  |d 939486 
952 |a SNK  |b SNK  |y PREZ  |7 0  |p 17A1261403  |o snkSB 91673  |i snk2017/15204  |8 0  |0 0  |1 0  |4 0  |d 2017-06-29  |f 1  |l 0  |r 2025-05-13 00:00:00  |w 2026-02-24 
952 |a SNK  |b SNK  |y VYP  |7 0  |p 17A1261404  |o snkSB 91673 D1  |i snk2017/15205  |8 0  |0 0  |1 0  |4 0  |d 2017-06-29  |l 0  |r 2026-02-24 09:08:24  |w 2026-02-24